000 00507nam a2200157 i 4500
001 49352
003 ES-MaACL
005 20230906161931.0
007 t|
008 190417s1872 fr ||||1| fre d
245 0 3 _aLa politique commerciale de la France, ou le traité de 1860 avec l'Angleterre /
_ctraduit de l'anglais, par M. K. B. Murray.
260 _aParis :
_bGuillaumin,
_c1872.
300 _a31 p. ;
_c22 cm.
700 1 _aMurray, Kenric.
_9166835
852 _aES-MaACL
_jT-1285-F-1
_z.- Donat. Bosch
999 _c49352
_d49352